000 00537nam a22001577a 4500
003 OSt
005 20150915143138.0
008 150915b xxu||||| |||| 00| 0 eng d
040 _cRUA
082 _aAGR NY 1999 BOO25 Or1
100 _9521
_aNY, LUNGDY
245 _aRubber planting at rubber plantation of chamcar andong,( ការដំដុះដំណាំកៅស៊ូនៅចំការកៅស៊ូចំការអណ្តូង).
260 _aphnom phen
_bRUA
_c1999
300 _a54p.
_bill.
_c29cm.
942 _2ddc
_cAGR
999 _c499
_d499